Brasileirão Série A 2026 - Statistics

Estatísticas Gerais
  • Esse quiz foi jogado 806 vezes
    348 desde o último reset
  • A pontuação média é 16 de 20
Estatísticas das Respostas
Cidade Time % Correto
Rio de Janeiro Flamengo
96%
Belo Horizonte Atlético Mineiro
89%
Rio de Janeiro Fluminense
88%
São Paulo São Paulo
86%
São Paulo Corinthians
84%
Salvador Bahia
83%
Belo Horizonte Cruzeiro
82%
São Paulo Palmeiras
82%
Santos Santos
82%
Rio de Janeiro Vasco da Gama
82%
Rio de Janeiro Botafogo
81%
Porto Alegre Internacional
80%
Porto Alegre Grêmio
79%
Curitiba Coritiba
78%
Mirassol Mirassol
77%
Chapecó Chapecoense
75%
Curitiba Athletico Paranaense
71%
Bragança Paulista Red Bull Bragantino
65%
Belém Remo
63%
Salvador Vitória
56%
Nenhum quiz correspondente encontrado
Distribuição das Pontuações
Porcentagem de Pessoas com Cada Pontuação
Percentil de Números Respondidos
Sua Pontuação Histórica
Você não jogou esse quiz desde o último reset